00271nam a2200121Ia 45000030006000000080041000060400015000471000020000622450029000822600009001115460012001200050017001320STCL150530s9999 xx 000 0 und d aSTCLcSTCL aRajendra Prasad aCabinet mission in India c1945 aEnglish20220125171450.0